000 00363cam a2200145ua 4500
041 _aeng
_h
082 _a823.308
_bKEN/NO
100 _aKennedy, Margaret .
245 _aNot in the calendar /
_cMargaret Kennedy.
_hTextual Documents
260 _aLondon :
_bMcMillon & Co Ltd ,
_c1964.
300 _a241 ; .
504 _a
942 _cBK
999 _c5073
_d5073